Les 500 villes d'Espagne les plus peuplées sur une carte - Statistiques

Statistiques générales
  • Ce quiz a été pris 65 fois
  • Le résultat moyen est 55 sur 500
Réponses sur la Carte
Les réponses sont colorées sur une échelle allant du rouge au vert en fonction du pourcentage des utilisateurs qui les ont devinées à leur premier essai. Vous pouvez retrouver ces pourcentages ci-dessous.
 
Statistiques - réponses
TOP Ville Communauté autonome Population % Correct
2 Barcelona Catalogne 1 702 547
97%
1 Madrid Communauté de Madrid 3 416 771
97%
4 Sevilla Andalousie 687 488
92%
11 Bilbao Pays Basque 348 089
88%
3 València Communauté valencienne 825 948
88%
6 Málaga Andalousie 591 637
85%
20 Granada Andalousie 232 717
81%
5 Zaragoza Aragon 686 986
75%
403 Palma del Río Andalousie 20 688
73%
8 Palma de Mallorca Îles Baléares 431 521
73%
35 San Sebastián Pays Basque 189 093
73%
58 Cádiz Andalousie 110 914
71%
61 Girona Catalogne 107 032
71%
9 Las Palmas de Gran Canaria Îles Canaries 380 436
71%
13 Valladolid Castille-et-León 300 618
71%
7 Murcia Murcie 474 617
69%
12 Córdoba Andalousie 322 811
68%
10 Alicante Communauté valencienne 358 720
66%
16 Gijón Asturies 268 561
66%
29 Pamplona Navarre 207 777
66%
347 Ibi Communauté valencienne 23 920
63%
139 Ibiza/Eivissa Îles Baléares 53 717
63%
39 Santander Cantabrie 174 101
63%
30 Almería Andalousie 202 675
59%
37 Burgos Castille-et-León 175 895
58%
66 Santiago de Compostela Galice 99 536
58%
92 Ceuta * 83 052
56%
34 Getafe Communauté de Madrid 189 906
56%
14 Vigo Galice 293 977
56%
18 A Coruña Galice 249 261
54%
24 Oviedo Asturies 220 543
53%
19 Elche Communauté valencienne 243 128
51%
86 Melilla * 85 491
51%
45 Salamanca Castille-et-León 144 866
46%
83 Toledo Castille-La Manche 86 526
46%
54 León Castille-et-León 122 243
44%
48 Tarragona Catalogne 141 151
44%
42 Marbella Andalousie 159 000
39%
38 Albacete Castille-La Manche 174 137
37%
44 Badajoz Estrémadure 150 570
37%
57 Jaén Andalousie 112 074
37%
28 Santa Cruz de Tenerife Îles Canaries 211 359
37%
137 Huesca Aragon 54 704
36%
72 San Sebastián de los Reyes Communauté de Madrid 94 969
36%
22 Badalona Catalogne 227 083
34%
25 Cartagena Murcie 219 777
34%
47 Huelva Andalousie 143 290
34%
27 Jerez de la Frontera Andalousie 213 668
34%
108 Benidorm Communauté valencienne 74 663
32%
169 Lloret de Mar Catalogne 42 600
32%
17 Vitoria-Gasteiz Pays Basque 257 968
32%
15 L'Hospitalet de Llobregat Catalogne 279 993
31%
145 Vila-real Communauté valencienne 52 505
31%
36 Castelló de la Plana Communauté valencienne 180 379
29%
128 Mérida Estrémadure 59 857
29%
53 Algeciras Andalousie 124 978
27%
71 Cáceres Estrémadure 96 441
27%
62 Orense Galice 104 891
27%
298 Eibar Pays Basque 27 234
25%
123 Irún Pays Basque 63 656
25%
32 Leganés Communauté de Madrid 194 084
25%
46 Lleida Catalogne 144 739
25%
43 Logroño La Rioja 151 164
25%
154 Figueres Catalogne 48 875
24%
78 Guadalajara Castille-La Manche 90 909
24%
151 Segovia Castille-et-León 51 525
24%
67 Lugo Galice 99 482
22%
260 Salou Catalogne 30 224
22%
207 Teruel Aragon 36 267
22%
132 Ávila Castille-et-León 58 111
20%
141 Cuenca Castille-La Manche 53 429
20%
232 Ronda Andalousie 33 329
20%
103 Palencia Castille-et-León 76 738
19%
23 Sabadell Catalogne 222 177
19%
178 Soria Castille-et-León 40 750
19%
102 Alcalá de Guadaíra Andalousie 76 922
17%
31 Alcalá de Henares Communauté de Madrid 200 702
17%
387 Alcalá la Real Andalousie 21 587
17%
273 Sant Josep de sa Talaia Îles Baléares 29 506
17%
452 Tarifa Andalousie 18 621
17%
21 Terrassa Catalogne 228 708
17%
110 Torremolinos Andalousie 70 933
17%
153 Vic Catalogne 49 530
17%
131 Zamora Castille-et-León 59 506
17%
40 Alcorcón Communauté de Madrid 173 625
15%
119 Arrecife Îles Canaries 64 735
15%
160 Dénia Communauté valencienne 46 943
15%
120 Ferrol Galice 64 218
15%
265 Maó Îles Baléares 29 902
15%
91 Pontevedra Galice 83 077
15%
59 Reus Catalogne 109 930
15%
367 San Juan de Aznalfarache Andalousie 22 472
15%
323 Sant Joan d'Alacant Communauté valencienne 25 275
15%
222 Sant Joan Despí Catalogne 34 568
15%
105 Ciudad Real Castille-La Manche 75 909
14%
97 Gandia Communauté valencienne 80 095
14%
157 Manacor Îles Baléares 47 777
14%
52 Mataró Catalogne 131 798
14%
129 Motril Andalousie 59 632
14%
418 Roses Catalogne 20 140
14%
243 Sitges Catalogne 31 954
14%
125 Aranjuez Communauté de Madrid 62 292
12%
106 Avilés Asturies 75 351
12%
99 Benalmádena Andalousie 77 654
12%
50 Dos Hermanas Andalousie 140 430
12%
98 Estepona Andalousie 78 413
12%
85 Fuengirola Andalousie 85 859
12%
33 Fuenlabrada Communauté de Madrid 190 790
12%
165 Portugalete Pays Basque 44 766
12%
60 Roquetas de Mar Andalousie 109 204
12%
41 San Cristóbal de La Laguna Îles Canaries 160 258
12%
244 Sant Pere de Ribes Catalogne 31 786
12%
88 Talavera de la Reina Castille-La Manche 84 738
12%
73 Torrevieja Communauté valencienne 94 803
12%
175 Antequera Andalousie 41 619
10%
247 Ciutadella de Menorca Îles Baléares 31 443
10%
187 Écija Andalousie 39 500
10%
500 Gernika-Lumo Pays Basque 17 050
10%
136 Linares Andalousie 55 261
10%
70 Lorca Murcie 98 334
10%
96 Manresa Catalogne 80 201
10%
420 Medina del Campo Castille-et-León 20 090
10%
26 Móstoles Communauté de Madrid 214 006
10%
192 Olot Catalogne 38 822
10%
186 Plasencia Estrémadure 39 829
10%
124 Ponferrada Castille-et-León 62 994
10%
94 Rubí Catalogne 81 532
10%
289 Sant Antoni de Portmany Îles Baléares 28 237
10%
87 Sant Boi de Llobregat Catalogne 84 831
10%
63 Telde Îles Canaries 102 867
10%
49 Torrejón de Ardoz Communauté de Madrid 140 626
10%
201 Tudela Navarre 37 247
10%
227 Úbeda Andalousie 33 810
10%
84 Vélez-Málaga Andalousie 85 990
10%
64 Barakaldo Pays Basque 101 984
8%
77 El Ejido Andalousie 90 135
8%
117 El Prat de Llobregat Catalogne 66 184
8%
79 El Puerto de Santa María Andalousie 89 960
8%
104 Getxo Pays Basque 75 981
8%
415 Lalín Galice 20 282
8%
122 La Línea de la Concepción Andalousie 64 177
8%
381 Nerja Andalousie 21 913
8%
51 Parla Communauté de Madrid 134 833
8%
254 Puerto de la Cruz Îles Canaries 30 849
8%
74 San Fernando Andalousie 93 645
8%
191 San Fernando de Henares Communauté de Madrid 38 980
8%
113 Sanlúcar de Barrameda Andalousie 69 876
8%
295 San Pedro del Pinatar Murcie 27 691
8%
364 Sant Feliu de Guíxols Catalogne 22 751
8%
161 Sant Feliu de Llobregat Catalogne 46 554
8%
112 Vilanova i la Geltrú Catalogne 70 418
8%
152 Adeje Îles Canaries 50 549
7%
55 Alcobendas Communauté de Madrid 121 373
7%
391 Alcúdia Îles Baléares 21 322
7%
225 Almendralejo Estrémadure 33 948
7%
297 Almuñécar Andalousie 27 305
7%
372 Amposta Catalogne 22 270
7%
213 Andújar Andalousie 35 788
7%
93 Arona Îles Canaries 82 982
7%
285 Benicarló Communauté valencienne 28 681
7%
171 Blanes Catalogne 42 198
7%
430 Calatayud Aragon 19 677
7%
314 Calp Communauté valencienne 25 854
7%
205 Cambrils Catalogne 36 496
7%
114 Castelldefels Catalogne 69 450
7%
80 Chiclana de la Frontera Andalousie 89 794
7%
116 Collado Villalba Communauté de Madrid 66 698
7%
76 Cornellà de Llobregat Catalogne 91 589
7%
200 Don Benito Estrémadure 37 485
7%
496 Ejea de los Caballeros Aragon 17 135
7%
121 Granollers Catalogne 64 181
7%
221 Inca Îles Baléares 34 577
7%
69 Las Rozas de Madrid Communauté de Madrid 98 590
7%
465 Monforte de Lemos Galice 18 234
7%
378 Montcada Communauté valencienne 22 067
7%
203 Montcada i Reixac Catalogne 36 891
7%
463 Palamós Catalogne 18 293
7%
107 Paterna Communauté valencienne 74 822
7%
65 Rivas-Vaciamadrid Communauté de Madrid 101 949
7%
271 Rota Andalousie 29 675
7%
366 San Miguel de Abona Îles Canaries 22 606
7%
228 San Roque Andalousie 33 646
7%
101 Santa Lucía de Tirajana Îles Canaries 77 098
7%
194 Santa Pola Communauté valencienne 38 556
7%
206 Tomelloso Castille-La Manche 36 304
7%
150 Torrelavega Cantabrie 51 663
7%
220 Tortosa Catalogne 34 639
7%
115 Viladecans Catalogne 67 348
7%
353 Villanueva de la Cañada Communauté de Madrid 23 593
7%
318 Villanueva de la Serena Estrémadure 25 751
7%
477 Villanueva del Pardillo Communauté de Madrid 17 731
7%
270 Vinaròs Communauté valencienne 29 686
7%
269 Xàbia/Jávea Communauté valencienne 29 760
7%
262 Xàtiva Communauté valencienne 30 072
7%
204 Águilas Murcie 36 862
5%
251 Alcázar de San Juan Castille-La Manche 30 928
5%
126 Alcoy Communauté valencienne 60 372
5%
340 Almansa Castille-La Manche 24 282
5%
350 Altea Communauté valencienne 23 820
5%
196 Arucas Îles Canaries 38 369
5%
493 Bailén Andalousie 17 211
5%
490 Barbastro Aragon 17 295
5%
362 Barbate Andalousie 22 811
5%
492 Benavente Castille-et-León 17 261
5%
425 Benicàssim Communauté valencienne 19 951
5%
140 Calvià Îles Baléares 53 491
5%
290 Camas Andalousie 28 157
5%
284 Candelaria Îles Canaries 28 694
5%
317 Caravaca de la Cruz Murcie 25 756
5%
133 Cerdanyola del Vallès Catalogne 58 100
5%
431 Chipiona Andalousie 19 649
5%
352 Conil de la Frontera Andalousie 23 661
5%
138 Elda Communauté valencienne 53 818
5%
155 Gavà Catalogne 48 007
5%
456 Guadix Andalousie 18 527
5%
388 Güímar Îles Canaries 21 536
5%
257 Hellín Castille-La Manche 30 516
5%
346 Icod de los Vinos Îles Canaries 23 971
5%
177 Igualada Catalogne 41 466
5%
386 Isla Cristina Andalousie 21 603
5%
198 Langreo Asturies 38 282
5%
277 La Oliva Îles Canaries 29 099
5%
279 Lepe Andalousie 28 813
5%
185 Llucmajor Îles Baléares 39 912
5%
417 Los Llanos de Aridane Îles Canaries 20 189
5%
168 Lucena Andalousie 43 086
5%
109 Majadahonda Communauté de Madrid 73 355
5%
223 Mazarrón Murcie 34 462
5%
75 Mijas Andalousie 93 302
5%
211 Miranda de Ebro Castille-et-León 36 018
5%
100 Molina de Segura Murcie 77 493
5%
475 Monzón Aragon 17 839
5%
299 Morón de la Frontera Andalousie 27 229
5%
316 Novelda Communauté valencienne 25 771
5%
321 Onda Communauté valencienne 25 547
5%
89 Orihuela Communauté valencienne 83 720
5%
226 Petrer Communauté valencienne 33 914
5%
491 Pollença Îles Baléares 17 279
5%
173 Puerto del Rosario Îles Canaries 42 024
5%
164 Puertollano Castille-La Manche 45 195
5%
172 Puerto Real Andalousie 42 151
5%
413 Requena Communauté valencienne 20 387
5%
111 Sagunt Communauté valencienne 70 486
5%
234 Salt Catalogne 33 242
5%
442 San Bartolomé Îles Canaries 19 200
5%
142 San Bartolomé de Tirajana Îles Canaries 52 936
5%
219 San Javier Murcie 35 241
5%
56 Santa Coloma de Gramenet Catalogne 121 203
5%
68 Sant Cugat del Vallès Catalogne 98 621
5%
127 San Vicente del Raspeig Communauté valencienne 60 269
5%
335 Tacoronte Îles Canaries 24 652
5%
348 Teguise Îles Canaries 23 881
5%
81 Torrent Communauté valencienne 89 401
5%
236 Totana Murcie 33 149
5%
149 Utrera Andalousie 52 173
5%
199 Vilagarcía de Arousa Galice 37 761
5%
357 Vila-seca Catalogne 23 176
5%
224 Villena Communauté valencienne 34 144
5%
215 Yecla Murcie 35 521
5%
359 Zarautz Pays Basque 23 152
5%
238 Agüimes Îles Canaries 32 643
3%
266 Alaquàs Communauté valencienne 29 825
3%
167 Alcantarilla Murcie 43 547
3%
296 Algemesí Communauté valencienne 27 438
3%
166 Alhaurín de la Torre Andalousie 44 057
3%
305 Alhaurín el Grande Andalousie 26 879
3%
292 Almassora Communauté valencienne 27 989
3%
159 Alzira Communauté valencienne 47 335
3%
229 Aranda de Duero Castille-et-León 33 626
3%
130 Arganda del Rey Communauté de Madrid 59 513
3%
230 Arteixo Galice 33 516
3%
385 Ayamonte Andalousie 21 645
3%
410 Banyoles Catalogne 20 506
3%
182 Basauri Pays Basque 40 388
3%
405 Baza Andalousie 20 579
3%
308 Bétera Communauté valencienne 26 759
3%
447 Boiro Galice 18 984
3%
179 Burjassot Communauté valencienne 40 634
3%
214 Burriana Communauté valencienne 35 750
3%
332 Calahorra La Rioja 24 994
3%
428 Calella Catalogne 19 862
3%
306 Cangas do Morrazo Galice 26 807
3%
248 Carballo Galice 31 416
3%
272 Carmona Andalousie 29 551
3%
235 Castro-Urdiales Cantabrie 33 225
3%
275 Catarroja Communauté valencienne 29 316
3%
217 Cieza Murcie 35 286
3%
95 Coslada Communauté de Madrid 80 760
3%
351 Cullera Communauté valencienne 23 753
3%
263 El Campello Communauté valencienne 29 993
3%
472 El Rosario Îles Canaries 17 866
3%
181 El Vendrell Catalogne 40 440
3%
189 Errenteria Pays Basque 39 352
3%
146 Granadilla de Abona Îles Canaries 52 447
3%
487 Guardamar del Segura Communauté valencienne 17 328
3%
369 Guía de Isora Îles Canaries 22 301
3%
458 Huércal de Almería Andalousie 18 507
3%
412 Huércal-Overa Andalousie 20 425
3%
249 Illescas Castille-La Manche 31 327
3%
241 Ingenio Îles Canaries 32 354
3%
170 La Orotava Îles Canaries 42 434
3%
294 Lebrija Andalousie 27 727
3%
404 Loja Andalousie 20 580
3%
342 Los Barrios Andalousie 24 219
3%
193 Los Palacios y Villafranca Andalousie 38 757
3%
202 Los Realejos Îles Canaries 37 207
3%
345 Mairena del Alcor Andalousie 24 125
3%
156 Mairena del Aljarafe Andalousie 47 898
3%
246 Manises Communauté valencienne 31 573
3%
393 Manlleu Catalogne 21 172
3%
343 Marín Galice 24 197
3%
281 Martorell Catalogne 28 760
3%
163 Mislata Communauté valencienne 46 153
3%
400 Mogán Îles Canaries 20 845
3%
370 Montilla Andalousie 22 298
3%
337 Olesa de Montserrat Catalogne 24 446
3%
320 Oliva Communauté valencienne 25 558
3%
209 Ontinyent Communauté valencienne 36 194
3%
349 Palafrugell Catalogne 23 848
3%
374 Picassent Communauté valencienne 22 236
3%
135 Pinto Communauté de Madrid 56 003
3%
402 Puçol Communauté valencienne 20 731
3%
267 Puente Genil Andalousie 29 781
3%
188 Ripollet Catalogne 39 462
3%
459 San Lorenzo de El Escorial Communauté de Madrid 18 489
3%
457 Santa Brígida Îles Canaries 18 510
3%
195 Sant Adrià de Besòs Catalogne 38 490
3%
174 Santa Eulària des Riu Îles Baléares 41 706
3%
304 Sant Andreu de la Barca Catalogne 26 910
3%
312 Santa Perpètua de Mogoda Catalogne 25 928
3%
287 Sant Vicenç dels Horts Catalogne 28 406
3%
293 Sestao Pays Basque 27 834
3%
144 Siero Asturies 52 593
3%
291 Sueca Communauté valencienne 28 086
3%
390 Tías Îles Canaries 21 433
3%
423 Tolosa Pays Basque 20 065
3%
328 Torrelodones Communauté de Madrid 25 115
3%
397 Torrox Andalousie 20 932
3%
143 Tres Cantos Communauté de Madrid 52 932
3%
488 Tui Galice 17 327
3%
449 Utebo Aragon 18 955
3%
90 Valdemoro Communauté de Madrid 83 507
3%
258 Valdepeñas Castille-La Manche 30 411
3%
435 Vera Andalousie 19 488
3%
395 Vilassar de Mar Catalogne 21 055
3%
326 Villarrobledo Castille-La Manche 25 189
3%
255 Xirivella Communauté valencienne 30 749
3%
325 Adra Andalousie 25 195
2%
421 A Estrada Galice 20 081
2%
315 Alboraya Communauté valencienne 25 792
2%
231 Aldaia Communauté valencienne 33 376
2%
382 Alfafar Communauté valencienne 21 879
2%
396 Algete Communauté de Madrid 20 991
2%
433 Amorebieta-Echano Pays Basque 19 570
2%
419 Archena Murcie 20 110
2%
250 Arcos de la Frontera Andalousie 30 953
2%
380 Arroyo de la Encomienda Castille-et-León 21 946
2%
389 Aspe Communauté valencienne 21 473
2%
424 Atarfe Andalousie 20 024
2%
216 Azuqueca de Henares Castille-La Manche 35 498
2%
455 Baena Andalousie 18 533
2%
479 Balaguer Catalogne 17 649
2%
432 Barañáin Navarre 19 575
2%
363 Bormujos Andalousie 22 780
2%
467 Caldes de Montbui Catalogne 18 109
2%
259 Camargo Cantabrie 30 349
2%
401 Carcaixent Communauté valencienne 20 777
2%
446 Cardedeu Catalogne 19 023
2%
330 Coín Andalousie 25 023
2%
134 Colmenar Viejo Communauté de Madrid 57 029
2%
252 Coria del Río Andalousie 30 887
2%
261 Crevillent Communauté valencienne 30 191
2%
253 Culleredo Galice 30 864
2%
268 Durango Pays Basque 29 767
2%
466 El Astillero Cantabrie 18 220
2%
344 El Masnou Catalogne 24 181
2%
454 Felanitx Îles Baléares 18 592
2%
468 Fuente Álamo de Murcia Murcie 18 063
2%
218 Galapagar Communauté de Madrid 35 273
2%
274 Galdakao Pays Basque 29 332
2%
334 Gáldar Îles Canaries 24 678
2%
407 Hernani Pays Basque 20 527
2%
365 Laguna de Duero Castille-et-León 22 672
2%
409 l’Alfàs del Pi Communauté valencienne 20 518
2%
448 La Nucia Communauté valencienne 18 970
2%
443 Lasarte-Oria Pays Basque 19 133
2%
398 La Unión Murcie 20 897
2%
427 La Zubia Andalousie 19 885
2%
239 Leioa Pays Basque 32 491
2%
444 L'Eliana Communauté valencienne 19 054
2%
336 Llíria Communauté valencienne 24 518
2%
476 Manzanares Castille-La Manche 17 732
2%
183 Marratxí Îles Baléares 40 079
2%
341 Mejorada del Campo Communauté de Madrid 24 274
2%
208 Mieres Asturies 36 195
2%
301 Mutxamel Communauté valencienne 27 078
2%
190 Narón Galice 39 285
2%
242 Navalcarnero Communauté de Madrid 31 974
2%
237 Níjar Andalousie 32 858
2%
197 Oleiros Galice 38 333
2%
406 O Porriño Galice 20 562
2%
483 Osuna Andalousie 17 418
2%
300 Paiporta Communauté valencienne 27 184
2%
303 Paracuellos de Jarama Communauté de Madrid 27 000
2%
494 Piera Catalogne 17 203
2%
355 Pilar de la Horadada Communauté valencienne 23 428
2%
311 Pobla de Vallbona Communauté valencienne 26 435
2%
82 Pozuelo de Alarcón Communauté de Madrid 89 378
2%
280 Premià de Mar Catalogne 28 767
2%
486 Puerto Lumbreras Murcie 17 346
2%
319 Quart de Poblet Communauté valencienne 25 590
2%
278 Redondela Galice 28 937
2%
354 Riba-roja de Túria Communauté valencienne 23 555
2%
302 Ribeira Galice 27 030
2%
264 San Andrés del Rabanedo Castille-et-León 29 961
2%
411 Sant Just Desvern Catalogne 20 462
2%
416 Sant Quirze del Vallès Catalogne 20 241
2%
162 Santurtzi Pays Basque 46 247
2%
276 Seseña Castille-La Manche 29 271
2%
429 Silla Communauté valencienne 19 683
2%
464 Tàrrega Catalogne 18 268
2%
482 Tavernes de la Valldigna Communauté valencienne 17 443
2%
184 Torre-Pacheco Murcie 40 074
2%
245 Vall d'Uixó Communauté valencienne 31 611
2%
376 Valle de Egüés Navarre 22 121
2%
331 Valls Catalogne 25 014
2%
288 Vícar Andalousie 28 245
2%
176 Vilafranca del Penedès Catalogne 41 504
2%
210 Villajoyosa Communauté valencienne 36 093
2%
283 Villaviciosa de Odón Communauté de Madrid 28 750
2%
484 Yaiza Îles Canaries 17 415
2%
437 Albolote Andalousie 19 474
0%
356 Alhama de Murcia Murcie 23 280
0%
373 Aljaraque Andalousie 22 259
0%
324 Almonte Andalousie 25 233
0%
383 Almoradí Communauté valencienne 21 874
0%
240 Ames Galice 32 482
0%
434 Arahal Andalousie 19 491
0%
329 Armilla Andalousie 25 059
0%
212 Arroyomolinos Communauté de Madrid 35 972
0%
233 Barberà del Vallès Catalogne 33 322
0%
118 Boadilla del Monte Communauté de Madrid 65 839
0%
399 Burlada Navarre 20 865
0%
422 Cabra Andalousie 20 070
0%
256 Calafell Catalogne 30 631
0%
436 Callosa de Segura Communauté valencienne 19 484
0%
333 Cambre Galice 24 739
0%
499 Canovelles Catalogne 17 051
0%
286 Cártama Andalousie 28 412
0%
394 Cartaya Andalousie 21 128
0%
327 Castellar del Vallès Catalogne 25 150
0%
495 Castilleja de la Cuesta Andalousie 17 167
0%
377 Castrillón Asturies 22 103
0%
313 Ciempozuelos Communauté de Madrid 25 866
0%
480 Daimiel Castille-La Manche 17 629
0%
440 El Viso del Alcor Andalousie 19 265
0%
338 Erandio Pays Basque 24 411
0%
368 Esparreguera Catalogne 22 442
0%
158 Esplugues de Llobregat Catalogne 47 613
0%
497 Guadarrama Communauté de Madrid 17 063
0%
426 Humanes de Madrid Communauté de Madrid 19 902
0%
307 Jumilla Murcie 26 784
0%
498 La Garriga Catalogne 17 052
0%
180 La Rinconada Andalousie 40 529
0%
361 Las Gabias Andalousie 22 829
0%
375 Las Torres de Cotillas Murcie 22 183
0%
408 Les Franqueses del Vallès[ Catalogne 20 522
0%
470 Llodio Pays Basque 17 917
0%
462 Lora del Río Andalousie 18 316
0%
453 Los Alcázares Murcie 18 598
0%
441 Malgrat de Mar Catalogne 19 213
0%
473 Manilva Andalousie 17 857
0%
371 Maracena Andalousie 22 275
0%
439 Marchena Andalousie 19 271
0%
339 Martos Andalousie 24 363
0%
438 Moaña Galice 19 315
0%
360 Moguer Andalousie 22 956
0%
310 Molins de Rei Catalogne 26 555
0%
147 Mollet del Vallès Catalogne 52 283
0%
384 Mondragón Pays Basque 21 867
0%
485 Mula Murcie 17 382
0%
471 Mungia Pays Basque 17 882
0%
469 Nigrán Galice 18 045
0%
392 Pájara Îles Canaries 21 271
0%
450 Parets del Vallès Catalogne 18 893
0%
309 Piélagos Cantabrie 26 605
0%
282 Pineda de Mar Catalogne 28 751
0%
489 Poio Galice 17 297
0%
358 Ponteareas Galice 23 154
0%
379 Priego de Córdoba Andalousie 22 003
0%
148 Rincón de la Victoria Andalousie 52 230
0%
481 Rojales Communauté valencienne 17 451
0%
414 San Martín de la Vega Communauté de Madrid 20 304
0%
460 Sant Celoni Catalogne 18 479
0%
474 Sanxenxo Galice 17 854
0%
445 Teo Galice 19 034
0%
322 Tomares Andalousie 25 374
0%
461 Tordera Catalogne 18 409
0%
478 Torredembarra Catalogne 17 670
0%
451 Villaquilambre Castille-et-León 18 765
0%
Aucun quiz correspondant
Distribution des résultats
% des personnes avec chaque résultat
Percentile par nombre de réponses
Votre historique - résultats
Vous n’avez pas pris ce quiz